| 000 | 00507nam a2200169 i 4500 | ||
|---|---|---|---|
| 001 | 27330 | ||
| 003 | ES-MaACL | ||
| 005 | 20240605063001.0 | ||
| 007 | t| | ||
| 008 | 030114s1961 sp ||||1| spa d | ||
| 100 | 1 |
_aAranguren, José Luis L., _d1909-1996 _922315 |
|
| 245 | 1 | 3 |
_aLa juventud europea y otros ensayos / _cJosé Luis L. Aranguren. |
| 260 |
_aBarcelona : _bSeix Barral, _c1961. |
||
| 300 |
_a208 p. ; _c18 cm. |
||
| 852 |
_aES-MaACL _jC-20298 _bR.48688 |
||
| 999 |
_c27330 _d27330 |
||